00402nam a2200157Ia 4500001000500000005001700005008004100022041000800063082001600071100003700087245006700124260000900191300002800200650000800228654000800236304720260306144852.0260306t2006||||xx |||||||||||||| ||spa|| aESP a245.45bP77 aPontificio Consejo Cor UnumeAUT 0aDeus caritas est:bActas del Congreso Mundial sobre la Caridad c2006 a179 páginas :c24 cm. aGEN aCHU